000 05915cam a22013694i 4500
003 PE-LiUPU
005 20250813185600.0
008 150706s2010 sp a rb 000 0 spa d
020 _a9788427717138
035 _a(Sirsi) i9788427717138
040 _aPE-LiUPU
_bspa
_cPE-LiUPU
_dPE-LiUPU
_erda
049 _aPRUA
082 0 4 _a370.115
_bE2
_220
245 0 0 _aEducación, investigación y desarrollo social /
_ccoordinadores Ángel Boza Carreño, Juan Manuel Méndez Garrido, Manuel Monescillo Palomo y María de la O Toscano Cruz.
264 1 _aMadrid :
_bNarcea,
_c2010 .
300 _a183 páginas :
_bilustraciones ;
_c24centímetros.
336 _atext
_2rdacontent
337 _aunmediated
_2rdamedia
338 _avolume
_2rdacarrier
490 0 _aEducación hoy estudios
504 _aBibliografía al final de cada capítulo.
505 0 _aMetodologías de investigación para el desarrollo del conocimiento en un contexto multicultural -- ¿Qué aportan las tecnologías de la información y de la comunicación (TIC) a las relaciones interculturales? -- ¿Cuáles son las características principales de esta sociedad de la información? -- La necesidad de generar conocimientos en una sociedad cambiante -- ¿Cómo generar esos conocimientos?: metodologías de la investigación -- Competencias profesionales para el desarrollo social -- Formación basada en competencias ¿Ser o tener competencias? -- Hoja de ruta de la evaluación: el reconocimiento y acreditación de competencias profesionales -- Perfiles competenciales y control de calidad: el caso de los preparadores laborales de personas con discapacidad -- Evaluación para la transformación social -- Algunas interrogantes como punto de partida. Pensar la evaluación desde nuevos referentes -- Otra lógica para la evaluación: el paradigma de la responsabilidad compartida y la ética -- Del pragmatismo metodológico al compromiso con los modelos participativos -- La necesidad de cuestionarnos los criterios clásicos de calidad del proceso evaluativo -- Educación y fomento para la cohesión social -- Familia y cohesión social -- Educación inclusiva y cohesión social ¿Contribuye la escuela con sus prácticas al desarrollo de la cohesión y armonía social? -- La evaluación de la cohesión social: la dimensión educativa -- Aportaciones de las TIC al desarrollo social -- Las TIC en la sociedad actual -- Las TIC en la educación: su contribución al desarrollo económico social -- Alfabetización mediática como estrategia para la reducción de la brecha digital -- Investigación, equidad y cohesión social -- Educación -- Investigación -- Cohesión social -- Implicaciones entre investigación, equidad y cohesión social -- Un ejemplo final: la investigación sobre los alumnos inmigrantes.
526 _aP202
526 _aP201
526 _aP163
526 _aP162
526 _aP161
526 _aP160
526 _aP148
526 _aP147
526 _aP146
526 _aP145
526 _aP144
526 _aP143
526 _aP142
526 _aP141
526 _aP140
526 _aP139
526 _aP138
526 _aP137
526 _aP136
526 _aP135
526 _aP134
526 _aP133
526 _aP129
526 _aP128
526 _aP127
526 _aP120
526 _aP119
526 _aP118
526 _aP116
526 _aP115
526 _aP114
526 _aP110
526 _aP109
526 _aP108
526 _aP104
526 _aP103
526 _aP102
526 _aP99
526 _aP98
526 _aP97
526 _aP96
526 _aP95
526 _aP93
526 _aP90
526 _aP89
526 _aP88
526 _aP83
526 _aP82
526 _aP62
526 _aP59
526 _aP58
526 _aP57
526 _aP51
526 _aP49
526 _aP48
526 _aP47
526 _aP29
526 _aP24
526 _aP20
526 _aP19
526 _aP17
526 _aP15
526 _aP14
526 _aP12
526 _aP10
526 _aP09
526 _aP08
526 _aP07
526 _aP06
526 _aP05
526 _aP04
526 _aP01
541 _g002-00000083;
650 0 4 _aSociología de la educación
_vCongresos y asambleas .
650 0 4 _aEducación
_x aspectos sociales
_v Congresos.
650 0 4 _aEducación
_xInvestigación
_vCongressos.
650 0 4 _aMulticulturalismo
_vCongressos.
650 0 4 _aSociology of education
_vCongresses and assemblies.
650 0 4 _aEducation
_xsocial aspects
_vCongresses.
650 0 4 _aEducation
_xResearch
_vCongresses.
650 0 4 _aMulticulturalism
_vCongresses.
700 1 _aBoza Carreño, Ángel,
_ecoordinador.
700 1 _aMéndez Garrido, Juan Manuel,
_ecoordinador.
700 1 _aMonescillo Palomo, Manuel,
_ecoordinador.
700 1 _aToscano Cruz, María de la O,
_ecoordinador.
910 _agl20110216
910 _adbm
_bcsm
_ccsm
_d20180626
942 _2ddc
_cBOOK
949 _aPGE 370.15 B79
_wDEWEY
_c1
_i62615
_lCCODEBUL1
_mBUL
_p15.00
_r0
_sY
_tBOOK
_u2015-7-6
_xEDUCACION
_PP57
_0COMPRA
_o.CIRCNOTE. No olvidar cambiar la fecha de devolución!!!!!!!
_o.STAFF. Colección General
994 _aC0
_bPEPRU
596 _a1
999 _a370.115 E2
_wDEWEY
_c51722
_i62615
_f2021-11-8
_g5
_lCCODEBUL1
_mBUL
_p15.00
_r0
_sY
_tBOOK
_u2015-7-6
_xEDUCACION
_PP57
_0COMPRA
_o.CIRCNOTE. No olvidar cambiar la fecha de devolución!!!!!!!
_o.STAFF. Colección General
_d51722
999 _a370.115 E2
_wDEWEY
_c2
_i78747
_d2018-9-19
_e2018-9-12
_f2021-11-8
_g4
_lCCODEBUL1
_mBUL
_n1
_p24.47
_q1
_r0
_sY
_tBOOK
_u2018-6-26
_xEDUCACION
_PP33
_0COMPRA
_1FCOMPRA
_o.STAFF. Colección Ciencias de la Salud
980 _81
_gALBERTO SANCHEZ Responsable de Automatización